000 00612nam a2200241Ia 4500
003 OSt
005 20220924142328.0
006 a|||||r|||| 00| 0
007 ta
008 220923b |||||||| |||| 00| 0 ben d
020 _c5
024 _a301486
037 _cTextual
040 _aARTS
_cARTS
_bben
041 _2ben
_aben
082 _aY171:1, 157K6.1-.3
100 _aChakrabroty Subodh Kumar
_9213228
245 0 _aSaswata Bharat
260 _c1966
650 _aSOCIOLOGY
942 _hY171:1, 157K6.1-.3
_cTEXL
_2CC
999 _c450305
_d450305